[Event "ODJM B 2025"]
[Site "Willingen GER"]
[Date "2025.06.13"]
[Round "8"]
[White "Golke, Philipp"]
[Black "Jones, Colin"]
[Result "1/2-1/2"]
[Termination "normal"]
[Board "43"]
[WhiteElo "1729"]
[BlackElo "1531"]
[WhiteClock "00:49:31"]
[BlackClock "01:10:00"]
[PlyCount "155"]
[WhiteFideId "34625259"]
[BlackFideId "533043655"]
[EventCountry "GER"]
[EventRounds "9"]
[EventType "swiss"]
[EventDate "2025.06.07"]

1. e4 {[%clk 01:30:43]} {[%emt 00:00:16]} e5 {[%clk 01:30:36]} {[%emt
00:00:24]} 2. Nc3 {[%clk 01:30:52]} {[%emt 00:00:21]} Bc5 {[%clk 01:29:51]}
{[%emt 00:01:15]} 3. Bc4 {[%clk 01:31:16]} {[%emt 00:00:06]} Nf6 {[%clk
01:29:58]} {[%emt 00:00:24]} 4. d3 {[%clk 01:31:14]} {[%emt 00:00:32]} d6
{[%clk 01:30:12]} {[%emt 00:00:16]} 5. Nf3 {[%clk 01:30:54]} {[%emt 00:00:50]}
c6 {[%clk 01:29:51]} {[%emt 00:00:51]} 6. Be3 {[%clk 01:27:59]} {[%emt
00:03:24]} Nbd7 {[%clk 01:28:50]} {[%emt 00:01:31]} 7. h3 {[%clk 01:21:05]}
{[%emt 00:07:24]} a5 {[%clk 01:28:27]} {[%emt 00:00:53]} 8. a4 {[%clk
01:21:06]} {[%emt 00:00:29]} Bb4 {[%clk 01:28:32]} {[%emt 00:00:25]} 9. Bd2
{[%clk 01:13:04]} {[%emt 00:08:31]} Nf8 {[%clk 01:27:00]} {[%emt 00:02:02]} 10.
O-O {[%clk 01:13:06]} {[%emt 00:00:27]} Ng6 {[%clk 01:27:18]} {[%emt 00:00:13]}
11. Ne2 {[%clk 01:11:11]} {[%emt 00:02:24]} Bxd2 {[%clk 01:26:16]} {[%emt
00:01:32]} 12. Qxd2 {[%clk 01:11:36]} {[%emt 00:00:06]} Be6 {[%clk 01:25:52]}
{[%emt 00:00:54]} 13. Bxe6 {[%clk 01:11:39]} {[%emt 00:00:27]} fxe6 {[%clk
01:26:10]} {[%emt 00:00:11]} 14. Ng5 {[%clk 01:11:54]} {[%emt 00:00:16]} Qe7
{[%clk 01:25:47]} {[%emt 00:00:52]} 15. f4 {[%clk 01:11:34]} {[%emt 00:00:51]}
h6 {[%clk 01:25:37]} {[%emt 00:00:40]} 16. Nf3 {[%clk 01:11:49]} {[%emt
00:00:15]} exf4 {[%clk 01:25:24]} {[%emt 00:00:43]} 17. Nxf4 {[%clk 01:12:08]}
{[%emt 00:00:11]} Nxf4 {[%clk 01:25:43]} {[%emt 00:00:11]} 18. Qxf4 {[%clk
01:12:34]} {[%emt 00:00:04]} e5 {[%clk 01:25:08]} {[%emt 00:01:06]} 19. Qd2
{[%clk 01:12:48]} {[%emt 00:00:16]} O-O {[%clk 01:25:14]} {[%emt 00:00:24]} 20.
c3 {[%clk 01:09:32]} {[%emt 00:03:46]} d5 {[%clk 01:24:49]} {[%emt 00:00:55]}
21. exd5 {[%clk 01:09:47]} {[%emt 00:00:15]} cxd5 {[%clk 01:25:04]} {[%emt
00:00:15]} 22. Rfe1 {[%clk 01:10:06]} {[%emt 00:00:11]} e4 {[%clk 01:25:09]}
{[%emt 00:00:25]} 23. Nd4 {[%clk 01:10:20]} {[%emt 00:00:16]} Rae8 {[%clk
01:24:43]} {[%emt 00:00:56]} 24. Qe3 {[%clk 01:08:46]} {[%emt 00:02:02]} Nd7
{[%clk 01:24:18]} {[%emt 00:00:57]} 25. g4 {[%clk 01:07:16]} {[%emt 00:01:59]}
Nc5 {[%clk 01:23:55]} {[%emt 00:00:53]} 26. Nf5 {[%clk 01:06:59]} {[%emt
00:00:48]} Qc7 {[%clk 01:24:14]} {[%emt 00:00:12]} 27. d4 {[%clk 01:05:56]}
{[%emt 00:01:32]} Nd3 {[%clk 01:24:10]} {[%emt 00:00:33]} 28. Re2 {[%clk
01:06:15]} {[%emt 00:00:10]} Qf4 {[%clk 01:23:04]} {[%emt 00:01:37]} 29. Rb1
{[%clk 01:03:53]} {[%emt 00:02:51]} Kh7 {[%clk 01:21:24]} {[%emt 00:02:11]} 30.
Qxf4 {[%clk 01:02:12]} {[%emt 00:02:11]} Nxf4 {[%clk 01:21:43]} {[%emt
00:00:11]} 31. Re3 {[%clk 01:02:36]} {[%emt 00:00:07]} g6 {[%clk 01:21:27]}
{[%emt 00:00:46]} 32. Nh4 {[%clk 01:01:00]} {[%emt 00:02:06]} Rc8 {[%clk
01:17:56]} {[%emt 00:04:01]} 33. b4 {[%clk 00:53:56]} {[%emt 00:07:34]} b6
{[%clk 01:17:23]} {[%emt 00:01:03]} 34. bxa5 {[%clk 00:54:00]} {[%emt
00:00:27]} bxa5 {[%clk 01:17:43]} {[%emt 00:00:10]} 35. Rb5 {[%clk 00:54:17]}
{[%emt 00:00:12]} Rb8 {[%clk 01:16:28]} {[%emt 00:01:44]} 36. c4 {[%clk
00:52:08]} {[%emt 00:02:39]} dxc4 {[%clk 01:15:57]} {[%emt 00:01:01]} 37. Rxe4
{[%clk 00:48:28]} {[%emt 00:04:11]} c3 {[%clk 01:12:23]} {[%emt 00:04:04]} 38.
Re7+ {[%clk 00:48:12]} {[%emt 00:00:46]} Kg8 {[%clk 01:12:40]} {[%emt
00:00:12]} 39. Rc7 {[%clk 00:48:37]} {[%emt 00:00:05]} Ne2+ {[%clk 01:12:38]}
{[%emt 00:00:32]} 40. Kh2 {[%clk 00:48:55]} {[%emt 00:00:12]} Nxd4 {[%clk
01:12:44]} {[%emt 00:00:24]} 41. Rxb8 {[%clk 00:49:02]} {[%emt 00:00:23]} Rxb8
{[%clk 01:12:59]} {[%emt 00:00:15]} 42. Rxc3 {[%clk 00:49:24]} {[%emt
00:00:08]} Rb2+ {[%clk 01:13:02]} {[%emt 00:00:28]} 43. Kh1 {[%clk 00:49:11]}
{[%emt 00:00:43]} Ra2 {[%clk 01:12:28]} {[%emt 00:01:04]} 44. Nxg6 {[%clk
00:49:20]} {[%emt 00:00:21]} Rxa4 {[%clk 01:12:41]} {[%emt 00:00:17]} 45. Ne7+
{[%clk 00:49:41]} {[%emt 00:00:09]} Kf7 {[%clk 01:12:50]} {[%emt 00:00:21]} 46.
Nc6 {[%clk 00:49:26]} {[%emt 00:00:44]} Ra1+ {[%clk 01:12:58]} {[%emt
00:00:23]} 47. Kg2 {[%clk 00:49:23]} {[%emt 00:00:32]} Ra2+ {[%clk 01:13:11]}
{[%emt 00:00:18]} 48. Kf1 {[%clk 00:49:09]} {[%emt 00:00:42]} Nxc6 {[%clk
01:12:10]} {[%emt 00:01:33]} 49. Rxc6 {[%clk 00:49:32]} {[%emt 00:00:07]} Kg7
{[%clk 01:12:22]} {[%emt 00:00:17]} 50. Kg1 {[%clk 00:49:47]} {[%emt 00:00:16]}
a4 {[%clk 01:12:43]} {[%emt 00:00:09]} 51. Ra6 {[%clk 00:50:09]} {[%emt
00:00:08]} Ra3 {[%clk 01:12:12]} {[%emt 00:01:01]} 52. Kg2 {[%clk 00:50:33]}
{[%emt 00:00:06]} Ra2+ {[%clk 01:12:29]} {[%emt 00:00:14]} 53. Kg3 {[%clk
00:50:52]} {[%emt 00:00:10]} Ra1 {[%clk 01:12:44]} {[%emt 00:00:15]} 54. Kh4
{[%clk 00:50:15]} {[%emt 00:01:07]} Ra3 {[%clk 01:13:01]} {[%emt 00:00:13]} 55.
g5 {[%clk 00:48:39]} {[%emt 00:02:06]} hxg5+ {[%clk 01:13:07]} {[%emt
00:00:23]} 56. Kg4 {[%clk 00:49:03]} {[%emt 00:00:05]} Ra1 {[%clk 01:12:26]}
{[%emt 00:01:13]} 57. Kxg5 {[%clk 00:49:26]} {[%emt 00:00:07]} a3 {[%clk
01:12:30]} {[%emt 00:00:26]} 58. h4 {[%clk 00:49:37]} {[%emt 00:00:18]} a2
{[%clk 01:12:53]} {[%emt 00:00:09]} 59. Ra7+ {[%clk 00:50:00]} {[%emt
00:00:06]} Kf8 {[%clk 01:12:35]} {[%emt 00:00:47]} 60. Kh5 {[%clk 00:50:09]}
{[%emt 00:00:21]} Ke8 {[%clk 01:11:54]} {[%emt 00:01:12]} 61. Ra4 {[%clk
00:48:14]} {[%emt 00:02:21]} Kf7 {[%clk 01:12:12]} {[%emt 00:00:15]} 62. Rf4+
{[%clk 00:48:11]} {[%emt 00:00:32]} Kg7 {[%clk 01:12:31]} {[%emt 00:00:12]} 63.
Rf2 {[%clk 00:48:21]} {[%emt 00:00:20]} Kh7 {[%clk 01:12:52]} {[%emt 00:00:09]}
64. Rg2 {[%clk 00:48:30]} {[%emt 00:00:21]} Kh8 {[%clk 01:12:57]} {[%emt
00:00:25]} 65. Kg6 {[%clk 00:48:23]} {[%emt 00:00:36]} Kg8 {[%clk 01:11:02]}
{[%emt 00:02:26]} 66. h5 {[%clk 00:48:13]} {[%emt 00:00:40]} Kh8 {[%clk
01:11:22]} {[%emt 00:00:10]} 67. Kh6 {[%clk 00:48:36]} {[%emt 00:00:07]} Rb1
{[%clk 01:11:01]} {[%emt 00:00:52]} 68. Rxa2 {[%clk 00:48:59]} {[%emt
00:00:07]} Rb6+ {[%clk 01:11:13]} {[%emt 00:00:17]} 69. Kg5 {[%clk 00:49:23]}
{[%emt 00:00:06]} Rb5+ {[%clk 01:11:30]} {[%emt 00:00:13]} 70. Kg6 {[%clk
00:49:06]} {[%emt 00:00:47]} Rb6+ {[%clk 01:11:54]} {[%emt 00:00:06]} 71. Kf7
{[%clk 00:49:29]} {[%emt 00:00:06]} Kh7 {[%clk 01:11:57]} {[%emt 00:00:28]} 72.
Rg2 {[%clk 00:49:02]} {[%emt 00:00:55]} Rb5 {[%clk 01:11:41]} {[%emt 00:00:48]}
73. Rh2 {[%clk 00:48:19]} {[%emt 00:01:12]} Kh6 {[%clk 01:11:53]} {[%emt
00:00:18]} 74. Kf6 {[%clk 00:48:24]} {[%emt 00:00:26]} Rxh5 {[%clk 01:10:45]}
{[%emt 00:01:37]} 75. Ra2 {[%clk 00:48:49]} {[%emt 00:00:06]} Rg5 {[%clk
01:11:00]} {[%emt 00:00:15]} 76. Ra8 {[%clk 00:48:58]} {[%emt 00:00:21]} Rg6+
{[%clk 01:11:17]} {[%emt 00:00:12]} 77. Kf5 {[%clk 00:49:22]} {[%emt 00:00:06]}
Rb6 {[%clk 01:10:00]} {[%emt 00:01:47]} 78. Re8 {[%clk 00:49:31]} {[%emt
00:00:21]} 1/2-1/2

[Event "ODJM B 2025"]
[Site "Willingen GER"]
[Date "2025.06.13"]
[Round "8"]
[White "Jacoby, Angelina"]
[Black "Völpel, Alexander"]
[Result "1/2-1/2"]
[Termination "normal"]
[Board "44"]
[WhiteElo "1707"]
[BlackElo "1709"]
[WhiteClock "00:15:28"]
[BlackClock "00:36:36"]
[PlyCount "50"]
[WhiteFideId "12999008"]
[BlackFideId "34603131"]
[EventCountry "GER"]
[EventRounds "9"]
[EventType "swiss"]
[EventDate "2025.06.07"]

1. d4 {[%clk 01:30:56]} {[%emt 00:00:02]} d5 {[%clk 01:30:42]} {[%emt
00:00:21]} 2. c4 {[%clk 01:31:16]} {[%emt 00:00:10]} e6 {[%clk 01:31:04]}
{[%emt 00:00:08]} 3. Nc3 {[%clk 01:31:34]} {[%emt 00:00:12]} Nf6 {[%clk
01:31:29]} {[%emt 00:00:05]} 4. cxd5 {[%clk 01:31:56]} {[%emt 00:00:08]} exd5
{[%clk 01:30:44]} {[%emt 00:01:15]} 5. Bg5 {[%clk 01:31:43]} {[%emt 00:00:42]}
Be7 {[%clk 01:31:00]} {[%emt 00:00:14]} 6. e3 {[%clk 01:31:29]} {[%emt
00:00:45]} h6 {[%clk 01:29:55]} {[%emt 00:01:34]} 7. Bh4 {[%clk 01:26:32]}
{[%emt 00:05:26]} c6 {[%clk 01:27:22]} {[%emt 00:03:03]} 8. Bd3 {[%clk
01:26:37]} {[%emt 00:00:26]} Be6 {[%clk 01:26:43]} {[%emt 00:01:10]} 9. Qc2
{[%clk 01:23:53]} {[%emt 00:03:13]} Bd6 {[%clk 01:20:54]} {[%emt 00:06:19]} 10.
Nge2 {[%clk 01:22:42]} {[%emt 00:01:41]} Nbd7 {[%clk 01:20:36]} {[%emt
00:00:48]} 11. h3 {[%clk 01:16:37]} {[%emt 00:06:35]} Qc7 {[%clk 01:18:49]}
{[%emt 00:02:17]} 12. Bxf6 {[%clk 01:14:48]} {[%emt 00:02:19]} Nxf6 {[%clk
01:19:11]} {[%emt 00:00:08]} 13. O-O {[%clk 01:14:25]} {[%emt 00:00:54]} g5
{[%clk 01:16:33]} {[%emt 00:03:07]} 14. e4 {[%clk 01:08:56]} {[%emt 00:05:59]}
dxe4 {[%clk 01:15:25]} {[%emt 00:01:38]} 15. Nxe4 {[%clk 01:09:20]} {[%emt
00:00:07]} Nxe4 {[%clk 01:15:22]} {[%emt 00:00:34]} 16. Bxe4 {[%emt 00:01:25]}
O-O-O {[%clk 01:14:32]} {[%emt 00:00:01]} 17. Rfd1 {[%emt 00:04:50]} Kb8 {[%clk
01:08:13]} {[%emt 00:06:46]} 18. Rac1 {[%clk 00:55:56]} {[%emt 00:10:00]} Qa5
{[%clk 01:05:03]} {[%emt 00:03:37]} 19. a3 {[%clk 00:50:45]} {[%emt 00:05:44]}
f5 {[%clk 01:01:03]} {[%emt 00:04:30]} 20. Bd3 {[%clk 00:50:35]} {[%emt
00:00:40]} f4 {[%clk 00:51:34]} {[%emt 00:09:59]} 21. Be4 {[%clk 00:42:14]}
{[%emt 00:08:51]} h5 {[%clk 00:49:29]} {[%emt 00:02:35]} 22. Qc3 {[%clk
00:36:28]} {[%emt 00:06:16]} Qb5 {[%clk 00:44:56]} {[%emt 00:05:02]} 23. Qd3
{[%clk 00:23:07]} {[%emt 00:13:52]} Qxb2 {[%clk 00:37:34]} {[%emt 00:07:51]}
24. Rc3 {[%clk 00:22:38]} {[%emt 00:01:01]} Qb5 {[%clk 00:36:36]} {[%emt
00:01:27]} 25. Qc2 {[%clk 00:15:28]} {[%emt 00:07:40]} Bd5 {[%emt 00:10:41]}
1/2-1/2

[Event "ODJM B 2025"]
[Site "Willingen GER"]
[Date "2025.06.13"]
[Round "8"]
[White "Rose, Elias Bernd"]
[Black "Wolf, Helena"]
[Result "1/2-1/2"]
[Termination "normal"]
[Board "45"]
[WhiteElo "1609"]
[BlackElo "1702"]
[WhiteClock "00:08:31"]
[BlackClock "00:50:38"]
[PlyCount "56"]
[WhiteFideId "34665730"]
[BlackFideId "34671030"]
[EventCountry "GER"]
[EventRounds "9"]
[EventType "swiss"]
[EventDate "2025.06.07"]

1. e4 {[%clk 01:30:59]} {[%emt 00:00:01]} c5 {[%clk 01:30:53]} {[%emt
00:00:07]} 2. Nf3 {[%clk 01:31:20]} {[%emt 00:00:08]} d6 {[%clk 01:31:17]}
{[%emt 00:00:06]} 3. d4 {[%clk 01:31:44]} {[%emt 00:00:06]} cxd4 {[%clk
01:31:42]} {[%emt 00:00:06]} 4. Nxd4 {[%clk 01:32:01]} {[%emt 00:00:13]} Nf6
{[%clk 01:32:04]} {[%emt 00:00:08]} 5. Nc3 {[%clk 01:32:19]} {[%emt 00:00:11]}
g6 {[%clk 01:32:27]} {[%emt 00:00:08]} 6. Be3 {[%clk 01:32:22]} {[%emt
00:00:28]} Bg7 {[%clk 01:32:49]} {[%emt 00:00:09]} 7. f3 {[%clk 01:32:08]}
{[%emt 00:00:43]} O-O {[%clk 01:33:06]} {[%emt 00:00:12]} 8. Qd2 {[%clk
01:32:22]} {[%emt 00:00:16]} Nc6 {[%clk 01:33:27]} {[%emt 00:00:10]} 9. Bc4
{[%clk 01:32:34]} {[%emt 00:00:18]} Bd7 {[%clk 01:33:51]} {[%emt 00:00:06]} 10.
O-O-O {[%clk 01:32:33]} {[%emt 00:00:30]} Rc8 {[%clk 01:34:11]} {[%emt
00:00:10]} 11. Bb3 {[%clk 01:24:32]} {[%emt 00:08:30]} Nxd4 {[%clk 01:34:29]}
{[%emt 00:00:12]} 12. Bxd4 {[%clk 01:23:37]} {[%emt 00:01:25]} b5 {[%clk
01:34:43]} {[%emt 00:00:16]} 13. g4 {[%clk 00:34:26]} {[%emt 00:49:41]} a5
{[%clk 01:31:15]} {[%emt 00:03:58]} 14. h4 {[%clk 00:34:21]} {[%emt 00:00:34]}
a4 {[%clk 01:26:49]} {[%emt 00:04:56]} 15. Bd5 {[%clk 00:34:12]} {[%emt
00:00:39]} b4 {[%clk 01:26:32]} {[%emt 00:00:48]} 16. Ne2 {[%clk 00:23:39]}
{[%emt 00:11:02]} Nxd5 {[%clk 01:20:09]} {[%emt 00:06:54]} 17. Bxg7 {[%clk
00:23:36]} Kxg7 {[%clk 01:20:17]} {[%emt 00:00:55]} 18. Qxd5 {[%clk 00:23:50]}
{[%emt 00:00:15]} Qc7 {[%clk 01:14:11]} {[%emt 00:06:36]} 19. Rd2 {[%clk
00:20:09]} {[%emt 00:04:12]} Qc4 {[%clk 01:06:07]} {[%emt 00:08:33]} 20. Nf4
{[%clk 00:12:09]} {[%emt 00:08:30]} Be6 {[%clk 00:59:34]} {[%emt 00:07:04]} 21.
Qxc4 {[%clk 00:10:32]} {[%emt 00:02:07]} Rxc4 {[%clk 00:55:57]} {[%emt
00:04:07]} 22. Nd5 {[%clk 00:10:48]} {[%emt 00:00:13]} Bxd5 {[%clk 00:55:38]}
{[%emt 00:00:50]} 23. Rxd5 {[%clk 00:11:09]} {[%emt 00:00:09]} Rfc8 {[%clk
00:55:52]} {[%emt 00:00:16]} 24. Rh2 {[%clk 00:11:09]} {[%emt 00:00:30]} b3
{[%clk 00:56:07]} {[%emt 00:00:15]} 25. axb3 {[%clk 00:11:29]} {[%emt
00:00:11]} axb3 {[%clk 00:56:13]} {[%emt 00:00:25]} 26. c3 {[%clk 00:11:43]}
{[%emt 00:00:16]} R8c5 {[%clk 00:55:12]} {[%emt 00:01:30]} 27. Rhd2 {[%clk
00:10:26]} {[%emt 00:01:46]} Kf6 {[%clk 00:53:03]} {[%emt 00:02:38]} 28. R2d4
{[%clk 00:08:31]} {[%emt 00:02:26]} Rxd4 {[%clk 00:50:38]} {[%emt 00:02:55]}
1/2-1/2

[Event "ODJM B 2025"]
[Site "Willingen GER"]
[Date "2025.06.13"]
[Round "8"]
[White "Hantke, Karl"]
[Black "Hesse, Lucas"]
[Result "0-1"]
[Termination "normal"]
[Board "46"]
[WhiteElo "1666"]
[BlackElo "1508"]
[WhiteClock "00:37:50"]
[BlackClock "00:46:19"]
[PlyCount "42"]
[WhiteFideId "34640827"]
[BlackFideId "16261330"]
[EventCountry "GER"]
[EventRounds "9"]
[EventType "swiss"]
[EventDate "2025.06.07"]

1. e4 {[%clk 01:30:59]} {[%emt 00:00:01]} d5 {[%clk 01:30:36]} {[%emt
00:00:24]} 2. exd5 {[%clk 01:31:25]} {[%emt 00:00:04]} Qxd5 {[%clk 01:31:02]}
{[%emt 00:00:05]} 3. Nc3 {[%clk 01:31:49]} {[%emt 00:00:06]} Qd8 {[%clk
01:31:29]} {[%emt 00:00:03]} 4. Bc4 {[%clk 01:32:00]} {[%emt 00:00:19]} c6
{[%clk 01:31:21]} {[%emt 00:00:38]} 5. d4 {[%clk 01:31:18]} {[%emt 00:01:12]}
Bf5 {[%clk 01:31:28]} {[%emt 00:00:22]} 6. Nf3 {[%clk 01:30:20]} {[%emt
00:01:29]} Nf6 {[%clk 01:31:36]} {[%emt 00:00:22]} 7. O-O {[%clk 01:29:12]}
{[%emt 00:01:37]} e6 {[%clk 01:31:53]} {[%emt 00:00:13]} 8. Bg5 {[%clk
01:26:09]} {[%emt 00:03:33]} Nbd7 {[%clk 01:28:10]} {[%emt 00:04:12]} 9. Re1
{[%clk 01:22:46]} {[%emt 00:03:54]} Be7 {[%clk 01:28:31]} {[%emt 00:00:10]} 10.
Qd2 {[%clk 01:23:05]} {[%emt 00:00:10]} O-O {[%clk 01:27:02]} {[%emt 00:01:59]}
11. Rad1 {[%clk 01:18:35]} {[%emt 00:05:01]} Qb6 {[%clk 01:20:43]} {[%emt
00:06:49]} 12. Ne5 {[%clk 01:11:17]} {[%emt 00:07:48]} Rad8 {[%clk 01:15:00]}
{[%emt 00:06:14]} 13. Qc1 {[%clk 01:08:02]} {[%emt 00:03:44]} Qc7 {[%clk
01:03:43]} {[%emt 00:11:47]} 14. Bf4 {[%clk 00:55:57]} {[%emt 00:12:35]} Bd6
{[%clk 01:00:21]} {[%emt 00:03:52]} 15. Bd3 {[%clk 00:53:00]} {[%emt 00:03:26]}
Nh5 {[%clk 00:51:16]} {[%emt 00:09:35]} 16. Bg5 {[%clk 00:40:27]} {[%emt
00:13:03]} f6 {[%clk 00:49:08]} {[%emt 00:02:38]} 17. Nxd7 {[%clk 00:39:25]}
{[%emt 00:01:32]} Bxh2+ {[%clk 00:48:42]} {[%emt 00:00:56]} 18. Kh1 {[%clk
00:39:44]} {[%emt 00:00:11]} Rxd7 {[%clk 00:49:03]} {[%emt 00:00:10]} 19. Bxf5
{[%clk 00:40:01]} {[%emt 00:00:13]} exf5 {[%clk 00:49:15]} {[%emt 00:00:18]}
20. Bd2 {[%clk 00:37:31]} {[%emt 00:03:00]} Rxd4 {[%clk 00:46:16]} {[%emt
00:03:29]} 21. Ne2 {[%clk 00:37:50]} {[%emt 00:00:11]} Rh4 {[%clk 00:46:19]}
{[%emt 00:00:28]} 0-1

[Event "ODJM B 2025"]
[Site "Willingen GER"]
[Date "2025.06.13"]
[Round "8"]
[White "Salim, Florian"]
[Black "Päpke, Aaron"]
[Result "1-0"]
[Termination "normal"]
[Board "47"]
[WhiteElo "1730"]
[BlackElo "1652"]
[WhiteClock "01:32:44"]
[BlackClock "01:29:39"]
[PlyCount "27"]
[WhiteFideId "533001960"]
[BlackFideId "34684930"]
[EventCountry "GER"]
[EventRounds "9"]
[EventType "swiss"]
[EventDate "2025.06.07"]

1. e4 {[%clk 01:30:59]} {[%emt 00:00:01]} c5 {[%clk 01:30:55]} {[%emt
00:00:05]} 2. Nf3 {[%clk 01:31:25]} {[%emt 00:00:03]} Nc6 {[%clk 01:31:21]}
{[%emt 00:00:04]} 3. d4 {[%clk 01:31:52]} {[%emt 00:00:04]} cxd4 {[%clk
01:31:47]} {[%emt 00:00:04]} 4. Nxd4 {[%clk 01:32:18]} {[%emt 00:00:03]} Nf6
{[%clk 01:32:12]} {[%emt 00:00:05]} 5. Nc3 {[%clk 01:32:42]} {[%emt 00:00:06]}
e5 {[%clk 01:32:38]} {[%emt 00:00:04]} 6. Ndb5 {[%clk 01:33:08]} {[%emt
00:00:04]} d6 {[%clk 01:33:03]} {[%emt 00:00:05]} 7. Bg5 {[%clk 01:33:28]}
{[%emt 00:00:11]} a6 {[%clk 01:33:30]} {[%emt 00:00:03]} 8. Na3 {[%clk
01:33:54]} {[%emt 00:00:04]} b5 {[%clk 01:33:56]} {[%emt 00:00:03]} 9. Nd5
{[%clk 01:34:20]} {[%emt 00:00:05]} Be7 {[%clk 01:34:21]} {[%emt 00:00:05]} 10.
Bxf6 {[%clk 01:34:45]} {[%emt 00:00:04]} Bxf6 {[%clk 01:34:16]} {[%emt
00:00:35]} 11. c3 {[%clk 01:35:04]} {[%emt 00:00:11]} O-O {[%clk 01:31:04]}
{[%emt 00:03:40]} 12. Nc2 {[%clk 01:33:22]} {[%emt 00:02:13]} Bg5 {[%clk
01:30:54]} {[%emt 00:00:40]} 13. h4 {[%clk 01:32:30]} {[%emt 00:01:22]} Bxh4
{[%clk 01:29:39]} {[%emt 00:01:45]} 14. Qh5 {[%clk 01:32:44]} {[%emt 00:00:17]}
1-0